|
|
|
|
| LEADER |
01135nam a22003012a 4500 |
| 001 |
000037525 |
| 003 |
CZ BrMZK |
| 005 |
20220208084924.0 |
| 007 |
ta |
| 008 |
951201s1983 xr f cze d |
| 015 |
|
|
|a cnb000008992
|
| 035 |
|
|
|a (OCoLC)39599647
|
| 040 |
|
|
|a BOA001
|b cze
|
| 100 |
1 |
|
|a Weiss, David,
|d 1909-2002
|7 xx0027572
|4 aut
|
| 245 |
1 |
0 |
|a Benátčan /
|c David Weiss
|
| 250 |
|
|
|a 1. vyd.
|
| 260 |
|
|
|a Praha :
|b Svoboda,
|c 1983
|
| 300 |
|
|
|a 459 s., obr.příl.
|
| 490 |
1 |
|
|a Členská knižnice
|
| 830 |
|
0 |
|a Členská knižnice (Svoboda)
|0 s
|
| 856 |
4 |
1 |
|u http://www.digitalniknihovna.cz/mzk/uuid/uuid:75091950-6c45-11e2-bb2a-005056827e51
|y Digitalizovaný dokument
|x NDK
|
| 910 |
|
|
|a BOA001
|b PK-0096.458
|b 2-0870.108
|
| 920 |
|
|
|a 000404615
|
| 964 |
|
|
|a Tizian - romány životopisné
|
| 990 |
|
|
|a BK
|
| 996 |
7 |
|
|b 2619772442
|c 2-0870.108
|l MZK
|r Sklad / do 1 hodiny
|n 8
|w 000037525
|u 000020
|a 1
|e BOA001
|j MZK50
|s A
|
| 996 |
6 |
|
|b 2619917947
|c 2-0870.108
|l MZK
|r Sklad / do 1 hodiny
|n 1
|w 000037525
|u 000030
|a 1
|e BOA001
|j MZK50
|s P
|
| 996 |
7 |
|
|b 3119996072
|c PK-0096.458
|l MZK
|r Sklad / do 1 hodiny
|n 17
|w 000037525
|u 000010
|a 1
|e BOA001
|j MZK50
|s A
|